000 00747nam a2200217 a 4500
005 20210223130608.0
008 080821s1981 mx r 000 0 spa d
035 _aUPN01000159379
049 _aUNE
080 _a374: 613.2 =20 ARI No.70.
100 1 _aAriyadasa, K. D.
245 1 0 _aNon-formal education for primary health care :
_ba discussion paper, with some examples and models /
_cby K. D. Ariyadasa.
260 _aParís :
_bUNESCO;
_aNew York :
_bUNICEF,
_c1981.
300 _a19 p.
440 0 _aNotes, comments... ;
_v70.
690 _aEducacion no formal - Zonas rurales
690 _aEducacion sanitaria - Participacion comunitaria
710 2 _aUNICEF
_924085
710 2 _aPrograma de Alimentación Mundial
905 _aUNESCO
999 _c131493
_d131493